[Event "Friend of a friend"]
[Site "http://www.queenalice.com/game.php?id=396880"]
[Date "2008.5.2"]
[Round "-"]
[White "Evolution"]
[Black "Alacrity"]
[Result "0-1"]
[WhiteElo "1553"]
[BlackElo "1715"]

1. g3 d5 2. Bg2 e5 3. b3 Nc6 4. Bb2 Nf6 5. Nf3 Bc5 6. Nxe5 Bxf2+ 7. Kxf2 Nxe5 8.
Bxe5 Ng4+ 9. Ke1 Nxe5 10. Nc3 d4 11. Nb5 a6 12. Na3 O-O 13. h4 Qd6 14. Nc4 Nxc4
15. bxc4 Qxg3+ 16. Kf1 Bg4 17. Qe1 Qf4+ 18. Kg1 Rfe8 19. Bf1 Re6 20. a4 Bf3 21.
Rh3 Rg6+ 22. Kf2 Bh1+ 23. Rf3 Qxh4+ 24. Rg3 Qxg3# 0-1

[Event "Save my mind"]
[Site "http://www.queenalice.com/game.php?id=419309"]
[Date "2008.6.18"]
[Round "-"]
[White "Alacrity"]
[Black "MarcosT"]
[Result "1-0"]
[WhiteElo "1734"]
[BlackElo "1704"]

1. e4 c5 2. Nf3 Nc6 3. d4 cxd4 4. Nxd4 g6 5. c4 Bg7 6. Nc2 d6 7. Be2 Nh6 8. Nc3
e6 9. Nb5 O-O 10. Qxd6 Bd7 11. O-O a6 12. Rd1 axb5 13. Qxd7 bxc4 14. Qxb7 Qc8
15. Qxc8 Raxc8 16. Na3 Ne5 17. f4 Neg4 18. Nxc4 Nf6 19. Nd6 Rcd8 20. a4 Nfg4 21.
e5 Rd7 22. h3 Nxe5 23. fxe5 Bxe5 24. Bxh6 Rfd8 25. Nc4 Bd4+ 26. Kf1 Bf6 27. a5
Rxd1+ 28. Rxd1 1-0

[Event "Let's Play Chess dude!"]
[Site "http://www.queenalice.com/game.php?id=426612"]
[Date "2008.7.3"]
[Round "-"]
[White "parisfrance"]
[Black "Alacrity"]
[Result "0-1"]
[WhiteElo "1540"]
[BlackElo "1727"]

1. e4 e6 2. d4 d5 3. Nc3 Bb4 4. exd5 exd5 5. Bd2 Nf6 6. Nf3 O-O 7. Be2 c5 8. O-O
Bg4 9. dxc5 Nc6 10. h3 Bf5 11. Nb5 Bxc5 12. b4 Nxb4 13. Bxb4 Bxb4 14. c3 Bc5 15.
Nbd4 Qc8 16. Nxf5 Qxf5 17. Bd3 Qf4 18. Qd2 Qxd2 19. Nxd2 Rac8 20. c4 Bb4 21. Nf3
dxc4 22. Bc2 b5 23. Rad1 a5 24. Rb1 Rc5 25. Rfd1 Nd5 26. Rxb4 Nxb4 27. Bb1 c3
28. Be4 c2 29. Rc1 Rd8 30. Bxc2 Rxc2 31. Rxc2 Rd1+ 0-1

[Event "Challenge"]
[Site "http://www.queenalice.com/game.php?id=438934"]
[Date "2008.7.25"]
[Round "-"]
[White "Caulaincourt"]
[Black "Alacrity"]
[Result "0-1"]
[WhiteElo "1621"]
[BlackElo "1742"]

1. e4 e5 2. Nf3 Nc6 3. Bb5 a6 4. Ba4 Nf6 5. O-O Be7 6. Re1 d6 7. c3 Bg4 8. d3
O-O 9. Be3 b5 10. Bb3 d5 11. Nbd2 b4 12. Qc2 Bxf3 13. Nxf3 Qd6 14. Rac1 a5 15.
cxb4 Nxb4 16. Qb1 Nxd3 17. Qxd3 dxe4 18. Qxd6 cxd6 0-1

[Event "Challenge"]
[Site "http://www.queenalice.com/game.php?id=444779"]
[Date "2008.8.7"]
[Round "-"]
[White "Danilo"]
[Black "Alacrity"]
[Result "0-1"]
[WhiteElo "1865"]
[BlackElo "1720"]

1. e4 e6 2. d4 d5 3. e5 c5 4. c3 Nc6 5. Be3 Nge7 6. dxc5 Nxe5 7. Nf3 Nxf3+ 8.
Qxf3 Nf5 9. Bd3 Nxe3 10. Qxe3 Be7 11. O-O Qc7 12. b4 O-O 13. Qh3 h6 14. Qg3 Qxg3
15. fxg3 a5 16. a3 f5 17. Nd2 axb4 18. cxb4 Bf6 19. Rab1 Rxa3 20. Be2 Ra2 21.
Rfd1 Bc3 22. Nf3 Rxe2 23. Kf1 Re4 24. Rdc1 Bxb4 25. h3 Bd7 26. Kg1 Rc8 27. Nh4
Bxc5+ 28. Kh2 b5 29. Ng6 b4 30. h4 Bd6 31. Rxc8+ Bxc8 32. Ra1 b3 0-1

[Event "Challenge"]
[Site "http://www.queenalice.com/game.php?id=444878"]
[Date "2008.8.7"]
[Round "-"]
[White "Alacrity"]
[Black "hoovain"]
[Result "0-1"]
[WhiteElo "1741"]
[BlackElo "1854"]

1. e4 c5 2. Nf3 d6 3. d4 cxd4 4. Nxd4 Nf6 5. Nc3 a6 6. Be2 e6 7. f4 Be7 8. O-O
Nbd7 9. Be3 O-O 10. Qd2 b5 11. Nc6 Qe8 12. Bf3 e5 13. Rad1 Bb7 14. Nxe7+ Qxe7
15. Qxd6 Rfe8 16. Qxe7 Rxe7 17. Nd5 Bxd5 18. exd5 Nxd5 19. Bxd5 Rc8 20. c3 e4
0-1

[Event "Challenge"]
[Site "http://www.queenalice.com/game.php?id=444879"]
[Date "2008.8.7"]
[Round "-"]
[White "hoovain"]
[Black "Alacrity"]
[Result "1-0"]
[WhiteElo "1842"]
[BlackElo "1753"]

1. e4 e6 2. Nf3 d5 3. e5 Ne7 4. d4 c5 5. c3 Nd7 6. Bb5 Qa5 7. Be2 cxd4 8. Nxd4
Nxe5 9. O-O Bd7 10. Bf4 N7g6 11. Bg3 Bd6 12. Nd2 Qb6 13. Qc2 O-O 14. f4 Nc6 15.
Nb3 Nxd4 16. Nxd4 Rac8 17. Kh1 Qxd4 18. Bf2 Qxf4 19. Bg3 Qb4 20. Bf2 1-0

[Event "Let's Play Chess!"]
[Site "http://www.queenalice.com/game.php?id=822121"]
[Date "2010.8.23"]
[Round "-"]
[White "basti822"]
[Black "Alacrity"]
[Result "0-1"]
[WhiteElo "1654"]
[BlackElo "1730"]

1. e4 e5 2. Bc4 Bc5 3. Qf3 Nf6 4. d3 Nc6 5. Nc3 O-O 6. Bg5 Nd4 7. Qd1 d6 8. Nb5
Nxb5 9. Bxb5 c6 10. Bxf6 Qxf6 11. Bc4 Qxf2# 0-1

[Event "Let's Play Chess!"]
[Site "http://www.queenalice.com/game.php?id=822654"]
[Date "2010.8.24"]
[Round "-"]
[White "Alacrity"]
[Black "utilizator33"]
[Result "1-0"]
[WhiteElo "1821"]
[BlackElo "1625"]

1. e4 d5 2. exd5 Qxd5 3. Nc3 Qe6+ 4. Nge2 c6 5. g3 Nf6 6. Bg2 h6 7. O-O Qd7 8.
d4 e6 9. Be3 Bb4 10. Re1 O-O 11. a3 Bd6 12. Qd3 Qe7 13. f4 Nbd7 14. Rad1 b5 15.
Nxb5 cxb5 16. Bxa8 Ba6 17. Qb3 Rxa8 18. Nc3 Rb8 19. Ra1 Ng4 20. Ne4 Nxe3 21.
Qxe3 Bb7 22. c3 Bxe4 23. Qxe4 Nf6 24. Qe2 a6 25. f5 e5 26. dxe5 Bc5+ 27. Kh1
Qb7+ 28. Qg2 Qxg2+ 29. Kxg2 Ng4 30. Re4 Ne3+ 31. Kf3 Nxf5 32. Rd1 Rb6 33. Rf4 g6
34. g4 Nh4+ 35. Kg3 g5 36. Rf6 Rxf6 37. exf6 a5 38. Rd5 Bb6 39. Rxb5 Bc7+ 40.
Kf2 Kh7 41. Rb7 Be5 42. Rxf7+ Kg8 43. Ra7 Bxf6 44. Rxa5 Ng6 45. Ke3 Nf4 46. Ra7
Nd5+ 47. Ke4 Nb6 48. b3 Bxc3 49. Rb7 1-0

[Event "Let's Play Chess!"]
[Site "http://www.queenalice.com/game.php?id=823241"]
[Date "2010.8.26"]
[Round "-"]
[White "elche"]
[Black "Alacrity"]
[Result "0-1"]
[WhiteElo "1679"]
[BlackElo "1743"]

1. e4 c6 2. d4 d5 3. exd5 cxd5 4. Nf3 Nf6 5. Bb5+ Nbd7 6. Ne5 g6 7. Bg5 Bg7 8.
Bxf6 exf6 9. Bxd7+ Bxd7 10. Nxd7 Qxd7 11. O-O O-O 12. b3 Rfe8 13. c3 Rac8 14.
Qd3 Qe7 15. Na3 Qxa3 16. Qd2 Re6 17. Rfe1 Qa5 18. Rxe6 fxe6 19. Rc1 e5 20. b4
Qb5 21. dxe5 fxe5 22. f3 e4 23. fxe4 dxe4 24. Kh1 Bxc3 25. Rxc3 Qf1# 0-1

[Event "Let's Play Chess!"]
[Site "http://www.queenalice.com/game.php?id=828527"]
[Date "2010.9.8"]
[Round "-"]
[White "elche"]
[Black "Alacrity"]
[Result "0-1"]
[WhiteElo "1627"]
[BlackElo "1756"]

1. e4 g6 2. Nf3 e6 3. d4 Bg7 4. e5 Ne7 5. Bd3 d5 6. O-O c5 7. dxc5 Nd7 8. Bb5
O-O 9. Bg5 Nxe5 10. Nxe5 Bxe5 11. Nc3 Qc7 12. Bh6 Rd8 13. c6 bxc6 14. Bd3 Bxh2+
15. Kh1 Be5 16. f4 Bf6 17. Ne2 Bxb2 18. Rb1 Bf6 19. g3 c5 20. Ng1 c4 21. Be2 Nf5
22. Bg5 Bxg5 23. fxg5 Nxg3+ 0-1

[Event "Let's Play Chess!"]
[Site "http://www.queenalice.com/game.php?id=838704"]
[Date "2010.9.27"]
[Round "-"]
[White "fortunato"]
[Black "Alacrity"]
[Result "1-0"]
[WhiteElo "1995"]
[BlackElo "1783"]

1. e4 c6 2. Nf3 d5 3. exd5 cxd5 4. Be2 Nf6 5. O-O Nc6 6. d4 Bf5 7. Nc3 g6 8. Ne5
Bg7 9. Be3 O-O 10. Nxc6 bxc6 11. Re1 Rb8 12. Rb1 c5 13. dxc5 e6 14. Bf4 Rc8 15.
Bd6 Re8 16. g4 d4 17. Nb5 Be4 18. Nxa7 Ra8 19. Nb5 Rxa2 20. Nxd4 Bd5 21. Bb5 Ne4
22. Bxe8 Qxe8 23. c4 Bb7 24. c6 Nxd6 25. cxb7 Nxb7 26. b4 Qd7 27. Nb5 Rd2 28.
Qf3 Ra2 29. Red1 Qc8 30. c5 Ra6 31. Rbc1 Nd8 32. Nd6 Qa8 33. Qxa8 Rxa8 34. c6
Nxc6 35. Rxc6 Be5 36. Rc8+ Rxc8 37. Nxc8 1-0

[Event "Let's Play Chess!"]
[Site "http://www.queenalice.com/game.php?id=838849"]
[Date "2010.9.27"]
[Round "-"]
[White "Alacrity"]
[Black "kinghenry"]
[Result "1-0"]
[WhiteElo "1738"]
[BlackElo "1795"]

1. e4 b6 2. d4 Bb7 3. Bd3 f5 4. Nc3 e6 5. Nf3 Bb4 6. exf5 exf5 7. Bxf5 Qf6 8.
Bg4 h5 9. Qe2+ Ne7 10. Bg5 Qd6 11. Bh3 Qg6 12. O-O Bxc3 13. Qxe7# 1-0

[Event "Let's Play Chess!"]
[Site "http://www.queenalice.com/game.php?id=852170"]
[Date "2010.10.29"]
[Round "-"]
[White "Alacrity"]
[Black "Panzer85"]
[Result "1-0"]
[WhiteElo "1756"]
[BlackElo "1679"]

1. e4 e5 2. Nf3 Nc6 3. Bb5 a6 4. Ba4 Nf6 5. O-O Nxe4 6. d4 b5 7. Bb3 d6 8. Bd5
Bb7 9. Bxe4 h6 10. dxe5 dxe5 11. Nxe5 Na5 12. Qxd8+ Rxd8 13. Bxb7 Nxb7 14. Nc6
Rd6 15. Re1+ Kd7 16. Ne5+ Ke7 17. Ng6+ Kf6 18. Nxh8 Be7 19. Nc3 g6 20. Bxh6 1-0

[Event "Rematch?"]
[Site "http://www.queenalice.com/game.php?id=854742"]
[Date "2010.11.4"]
[Round "-"]
[White "Panzer85"]
[Black "Alacrity"]
[Result "0-1"]
[WhiteElo "1721"]
[BlackElo "1769"]

1. e4 e6 2. Nf3 Ne7 3. d4 d5 4. Nc3 Nd7 5. b3 b6 6. Bb5 c6 7. Be2 Ng6 8. g3 Bb4
9. Bd2 O-O 10. Bd3 Be7 11. exd5 cxd5 12. Bxg6 hxg6 13. O-O Re8 14. Kg2 Nf6 15.
h4 Ba6 16. Rh1 Rc8 17. Ne2 Ne4 18. h5 gxh5 19. Rxh5 g6 20. Rh2 Bxe2 21. Qxe2
Rxc2 22. Qd1 Rb2 23. g4 Qd6 24. g5 Nxd2 25. Qh1 Qxh2+ 26. Nxh2 Ne4 27. Ng4 Bxg5
28. Kg1 Rd2 29. f3 Ng3 30. Qh3 Ne2+ 31. Kf1 Rc8 32. Re1 Nxd4 33. Qg3 Rxa2 34. f4
Nf5 35. Qf3 Bh4 36. Rd1 Ng3+ 37. Kg1 Ne2+ 38. Kf1 Rc3 39. Rd3 Rc1+ 40. Kg2 Nxf4#
0-1

[Event "Let's Play Chess!"]
[Site "http://www.queenalice.com/game.php?id=860396"]
[Date "2010.11.18"]
[Round "-"]
[White "Alacrity"]
[Black "elche"]
[Result "1-0"]
[WhiteElo "1785"]
[BlackElo "1718"]

1. e4 c5 2. Nf3 Nc6 3. Bb5 e6 4. O-O d6 5. Nc3 a6 6. Bxc6+ bxc6 7. d4 cxd4 8.
Nxd4 Bb7 9. Be3 Nf6 10. Nb3 c5 11. f3 Be7 12. Qe1 O-O 13. Rd1 Qc7 14. Qg3 Kh8
15. Nxc5 e5 16. Nxb7 Qxb7 17. b3 Qb4 18. Rd3 Rfd8 19. Rfd1 Rac8 20. Bd2 Qc5+ 21.
Kh1 a5 22. Qe1 Ra8 23. Na4 Qxc2 24. Rc3 Qxa2 25. Ra1 Qxa1 26. Qxa1 Rdb8 27. Qb2
Rb5 28. Rc7 Ng8 29. Nc3 Rc5 30. Rxc5 dxc5 31. Nd5 f6 32. f4 Bd6 33. fxe5 Bxe5
34. Qa2 h6 35. Bxa5 Ne7 36. Nxe7 Bc3 37. b4 1-0

[Event "Let's Play!"]
[Site "http://www.queenalice.com/game.php?id=862587"]
[Date "2010.11.22"]
[Round "-"]
[White "Alacrity"]
[Black "sioux"]
[Result "1-0"]
[WhiteElo "1775"]
[BlackElo "1613"]

1. c4 c5 2. Nc3 d6 3. Nf3 Be6 4. e4 g6 5. Be2 Bg7 6. d3 Bxc3+ 7. bxc3 Bg4 8. O-O
Bxf3 9. Bxf3 e5 10. Rb1 Nf6 11. Rxb7 O-O 12. Bg5 Nbd7 13. Rxd7 Qxd7 14. Bxf6 Qa4
15. Qd2 Qd7 16. Qh6 1-0

[Event "Challenge"]
[Site "http://www.queenalice.com/game.php?id=862607"]
[Date "2010.11.22"]
[Round "-"]
[White "Alacrity"]
[Black "elche"]
[Result "1-0"]
[WhiteElo "1798"]
[BlackElo "1705"]

1. c4 d5 2. cxd5 Qxd5 3. Nc3 Qd8 4. Nf3 e6 5. d4 Nf6 6. e4 c6 7. Bg5 Be7 8. Bd3
Nbd7 9. O-O h6 10. Bf4 Nh7 11. Qd2 Ng5 12. Nxg5 Bxg5 13. Bxg5 Qxg5 14. Qxg5 hxg5
15. e5 f6 16. Rfe1 Nb6 17. h3 f5 18. Bc2 g6 19. Re3 Rh4 20. Rd3 Nc4 21. Bb3 b5
22. Bxc4 bxc4 23. Rd2 Ba6 24. Na4 Bb5 25. Nc5 Ke7 26. a4 c3 27. bxc3 Bc4 28. Rb2
a6 29. Rb4 Bd5 30. c4 Rxd4 31. Rb7+ Kf8 32. cxd5 Rxd5 33. Nxe6+ Kg8 34. Nc7 1-0

[Event "Let's Play Chess!"]
[Site "http://www.queenalice.com/game.php?id=863833"]
[Date "2010.11.26"]
[Round "-"]
[White "polly"]
[Black "Alacrity"]
[Result "0-1"]
[WhiteElo "1697"]
[BlackElo "1810"]

1. e4 e5 2. Nf3 Nc6 3. g3 Nf6 4. Nc3 Bc5 5. Bg2 d6 6. O-O Bg4 7. h3 Bd7 8. d3
Qc8 9. g4 h5 10. Nh4 hxg4 11. hxg4 Rxh4 12. Bf3 Bxg4 13. Bg5 Bxf3 14. Bxh4 Qg4+
15. Bg3 Qxg3# 0-1